| 000 | 00416nam a22001697a 4500 | ||
|---|---|---|---|
| 005 | 20180810115110.0 | ||
| 008 | 160627b xxu||||| |||| 00| 0 eng d | ||
| 020 | _a81-8186-088-8 | ||
| 041 | _aeng | ||
| 082 |
_b10642 _a658.3 |
||
| 100 |
_aRastogi, Vijay _92948 |
||
| 245 | _aHuman Resources Management and Industrial Relations | ||
| 260 |
_bVPM _c2008 |
||
| 300 | _a312 | ||
| 650 |
_aManagement _9241 |
||
| 942 | _cBK | ||
| 999 |
_c4262 _d4261 |
||